Fire fighting equipment and its use in ships / (Record no. 1321)

000 -LEADER
fixed length control field 00517nam a2200169 4500
008 - FIXED-LENGTH DATA ELEMENTS--GENERAL INFORMATION
fixed length control field 200122b ||||| |||| 00| 0 eng d
020 ## - INTERNATIONAL STANDARD BOOK NUMBER
International Standard Book Number 0900976144
082 00 - DEWEY DECIMAL CLASSIFICATION NUMBER
Classification number 623.865
Item number V646
100 ## - MAIN ENTRY--PERSONAL NAME
9 (RLIN) 913
Personal name Victory, G.
245 10 - TITLE STATEMENT
Title Fire fighting equipment and its use in ships /
260 ## - PUBLICATION, DISTRIBUTION, ETC. (IMPRINT)
Place of publication, distribution, etc London:
Name of publisher, distributor, etc IME,
Date of publication, distribution, etc 1974.
300 ## - PHYSICAL DESCRIPTION
Extent 96 p.
490 0# - SERIES STATEMENT
Series statement Marine Engineering Practice;
Volume number/sequential designation Vol.1, Part 5
650 #0 - SUBJECT ADDED ENTRY--TOPICAL TERM
Topical term or geographic name as entry element Ships-- Fires and Fire Prevention
700 ## - ADDED ENTRY--PERSONAL NAME
9 (RLIN) 915
Personal name Owen, J. H.
942 ## - ADDED ENTRY ELEMENTS (KOHA)
Source of classification or shelving scheme
Item type Books
Holdings
Withdrawn status Lost status Source of classification or shelving scheme Damaged status Not for loan Permanent location Current location Date acquired Full call number Barcode Date last seen Koha item type Source of acquisition Total Checkouts Total Renewals Date last borrowed Cost, replacement price
          IMU Kolkata IMU Kolkata 1975-09-19 623.865 V646 04352 2020-01-22 Books          
          IMU Kolkata IMU Kolkata 2000-05-04 623.865 V646 09081 2026-02-23 Books Sterling Book House 1 1 2026-01-28 5191.20
          IMU Kolkata IMU Kolkata 2002-09-10 623.865 V646 09390 2020-02-10 Books Sterling Book House        
          IMU Kolkata IMU Kolkata 2020-02-14 623.865 V646 04609 2020-02-14 Books          
          IMU Kolkata IMU Kolkata 2020-02-14 623.865 V646 04620 2020-02-14 Books          
          IMU Kolkata IMU Kolkata 2020-02-14 623.865 V646 04631 2020-02-14 Books          
          IMU Kolkata IMU Kolkata 2020-03-16 623.865 V646 04905 2020-03-16 Books          
          IMU Kolkata IMU Kolkata 2020-03-16 623.865 V646 04916 2023-06-06 Books   1   2023-01-27  
          IMU Kolkata IMU Kolkata 1979-06-12 623.865 V646 05089 2020-03-18 Books          
          IMU Kolkata IMU Kolkata 2023-09-02 623.865 V646 G01235 2023-09-27 Books Donated by Sharad Gupta (Roll No.4271)        
Designed and Maintained by IMU-KC Library, Kolkata Campus © Copyright All Rights Reserved

webs counters

Powered by Koha